Quick Pick: Oscar-Winning Actor Names Quiz Stats

 Plays Quiz Updated Aug 27, 2016

Score 0/20 Timer 01:30
0 Plays Today
% Correct
Denzel
84.7%
Leonardo
84.1%
Dustin
77.3%
Anthony
73%
Adrien
67.3%
Daniel
65.9%
Marlon
65.4%
Russell
63.5%
Jack
62.8%
Matthew
60.9%
% Correct
Tom
59.7%
Colin
59.1%
Forest
58.7%
Sean
53.2%
Rami
52%
Jeff
46.6%
Eddie
40.9%
Philip
40.1%
Jamie
35.6%
Jean
31.6%

Today's Daily Dose

Word Ladder
NCT Songs

Get the Picture
Mathematicians

You're not logged in!

Compare scores with friends on all Sporcle quizzes.
OR
Log In

Show Comments

Extras

Top Quizzes Today


Score Distribution

Your Account Isn't Verified!

In order to create a playlist on Sporcle, you need to verify the email address you used during registration. Go to your Sporcle Settings to finish the process.

Report this User

Report this user for behavior that violates our Community Guidelines.

Details: